TLC importancia y perspectivas de los servicios financieros /

שמור ב:
מידע ביבליוגרפי
מחבר ראשי: Manrique Campos, Irma
פורמט: Texto
נושאים:
תגים: הוספת תג
אין תגיות, היה/י הראשונ/ה לתייג את הרשומה!

MARC

LEADER 00000 a a2200000 04500
001 46010
003
040
100 |a Manrique Campos, Irma  
245 |a TLC importancia y perspectivas de los servicios financieros /  |c Irma Manrique Campos  
650 |a TLC  
650 |a TRATADO DE LIBRE COMERCIO  
773 |g número58 (1991), páginas 9-13  
999 |c 27218  |d 27218